Un exponente de legislación postconciliar: los directorios de la Santa Sede
Gardado en:
| Autor Principal: | |
|---|---|
| Formato: | Libro |
| Idioma: | Lingua castelá |
| Publicado: |
Pamplona
Eunsa
1980
|
| Series: | Canónica de la Universidad de Navarra
|
| Subjects: | |
| Tags: |
Engadir etiqueta
Sen Etiquetas, Sexa o primeiro en etiquetar este rexistro!
|
MARC
| LEADER | 00000nam a2200000 a 4500 | ||
|---|---|---|---|
| 001 | UCT7923 | ||
| 003 | CL-VaPUC | ||
| 008 | 970317e19800000SP |||||||||||||||||spa|d | ||
| 082 | 0 | 4 | |a 262.9 |b OTA |2 21 |
| 100 | |a Otaduy Guerín, Javier |e autor |9 379231 | ||
| 245 | 1 | 3 | |a Un exponente de legislación postconciliar: los directorios de la Santa Sede |
| 300 | |a 267 p | ||
| 942 | |c BK | ||
| 945 | |d 19970317 00:00:00 |a paguirre | ||
| 260 | |a Pamplona |b Eunsa |c 1980 | ||
| 650 | 7 | |a DERECHO CANONICO |2 CL-VaPUC |9 379232 | |
| 650 | 7 | |a LEGISLACION |2 CL-VaPUC |9 379233 | |
| 650 | 0 | |a Iglesia Católica |9 256114 | |
| 650 | 0 | |a Ordenamiento jurídico |9 355371 | |
| 583 | |a last modification |c 19970317 00:00:00 |k Rodrigo Vera | ||
| 490 | 0 | |a Canónica de la Universidad de Navarra | |
| 999 | |c 256469 |d 256467 | ||
| 952 | |0 0 |1 0 |4 0 |6 262_900000000000000_OTA_1980 |7 0 |8 A |9 279218 |a BIBDER |b BIBDER |d 2019-11-19 |i 1809687 |o 262.9 OTA 1980 |p 1809687 |r 2023-01-25 |w 2019-11-19 |y BK |k DER | ||